000 00322nam a22001337a 4500
999 _c529012
_d529012
003 NUST
038 _aMSOHAIL
082 _a0
100 _aDominique Lorrain
_920876
245 _aUrban Water Management French Experience Aound the World
260 _aFrance
_bHydrocom
_c1997
300 _a290,p;
_c25cm
942 _2ddc
_cBK